000 00690nam a2200289Ia 4500
005 20260324140516.0
008 008 260324s9999 xx 000 0 eng d
020 _a9780203774588
037 _aEBOOK
040 _aCRL
040 _beng
040 _cCRL
041 _2eng
041 _aeng
084 _qCRL
100 _aChristina Lee
_91175205
245 0 _aAlternatives to Cognition
245 2 _bA New Look at Explaining Human Social Behavior
260 _bTaylor and Francis
260 _c1998
365 _a
365 _b230
856 _uhttp://www.taylorfrancis.com/books/9780203774588
942 _cEBOOK
999 _c1806825
_d1806825